=LDR 00000nam 2200000 4500 =001 INLIS000000000019782 =005 20130612114817 =008 ***********************************Ind** =035 ##$$0010-061300000019782 =041 ##$$a Ind =082 ##$$a R.910.403 =090 ##$$a R.910.403, Kam k =245 ##$$a Kamus istilah parawisata, Surjanto =260 ##$$a Pusat Pembinaan dan Pengembangan Bahasa Depdikbud $b Jakarta =300 ##$$a viii, 210 hlm, 21 cm =650 ##$$a Parawisata, Kamus =850 ##$$a NBPNMAT